000 01440nam a22003017a 4500
001 6481
003 FISKH
005 20250506111302.0
008 250506b cb ||||| |||| 00| 0 eng d
020 _a9780590436502
040 _aFISKH
_beng
_cFISKH
_dFISKH
050 _a PZ7.M3567585
082 _a813.00
100 _aM.Martin, Ann
_d(1955-)
245 _aBaby sitters little sister #11 :
_bKaren's prize /
_cAnn M.Martin ; Illustrations by Susan Tang
250 _aThis edition first published in 1990
260 _aNew York :
_bScholastic,
_c1990
300 _a105 pages :
_billustrations ;
_c20 cm
505 _aN
520 _aComic and Graphic Books. Juvenile Fiction. Juvenile Literature. HTML:Another graphic novel in this fun series spin-off of The Baby-sitters Club, adapted by Mimi series creator Shauna J. Grant! Karen loves to spell words. She is very good at it, too. First, she wins the spelling bee in her class. Then Karen wins another spelling contest. And another... and another! Soon Karen might be the best junior speller in the state of Connecticut. She's even going to be on TV! Karen thinks that is so great. But her friends don't. They think Karen is a show-off!
521 8 _a550
_bLexile
521 8 _aN
_bRaz-Plus
650 _2Baby-Sitters Club
_aRealistic fiction
650 _2Spelling bees
_aA:Juvenile
700 _aTang, Susan
_dillustrator
942 _2ddc
_cBK
_n0
999 _c6481
_d6481